| 000 | 01304nam a2200301 i 4500 | ||
|---|---|---|---|
| 003 | EG-ScBUE | ||
| 005 | 20240130121358.0 | ||
| 008 | 100726s1985 u f b 000 0 ara d | ||
| 017 | _a85 / 4349 | ||
| 040 |
_aEG-ScBUE _bara _erda _cEG-ScBUE _dEG-ScBUE |
||
| 043 |
_ama----- _af-ti--- _af-ae--- |
||
| 082 | 0 | 4 |
_222 _a964 _bع ق ا |
| 100 | 1 |
_aعقاد، صلاح، _d1929- _eمؤلف. |
|
| 245 | 1 | 0 |
_aالمغرب العربي : _bدراسة في تاريخه الحديث وأوضاعه المعاصرة : الجزائر - تونس - المغرب الأقصى / _cتأليف دكتور صلاح العقاد. |
| 250 | _aالطبعة الخامسة. | ||
| 264 | 1 |
_aالقاهرة : _bمكتبة الأنجلو المصرية، _c1985. |
|
| 300 |
_a568 صفحة ؛ _c24 سم |
||
| 336 |
_2rdacontent _aنص _btxt |
||
| 337 |
_aبدون وسيط _2rdamedia _bn |
||
| 338 |
_aمجلد _bnc _2rdacarrier |
||
| 504 | _aيشتمل على إرجاعات ببليوجرافية. | ||
| 541 |
_aألف باء ؛ _cشراء ؛ |
||
| 651 | 7 |
_2BUEsh _aالمغرب العربي _xتاريخ _yالعصر الحديث. |
|
| 651 | 7 |
_2BUEsh _aتونس _xتاريخ _yالعصر الحديث. |
|
| 651 | 7 |
_2BUEsh _aالجزائر _xتاريخ _yالعصر الحديث. |
|
| 655 | _vReading book | ||
| 942 |
_2ddc _cBB |
||
| 999 |
_c14556 _d14556 |
||